|
|
|
|
| LEADER |
00864naa a2200205 i 4500 |
| 001 |
acta82903 |
| 005 |
20240109153056.0 |
| 008 |
240109s2018 hu o 1|| hun d |
| 040 |
|
|
|a SZTE Egyetemi Kiadványok Repozitórium
|b hun
|
| 041 |
|
|
|a hun
|
| 100 |
1 |
|
|a Tari József
|
| 245 |
1 |
0 |
|a Mikrovezérlők teljesítmény analízise
|h [elektronikus dokumentum] :
|b [absztrakt] /
|c Tari József
|
| 260 |
|
|
|c 2018
|
| 300 |
|
|
|a 17
|
| 490 |
0 |
|
|a Móra Kárpát-medencei Interdiszciplináris Szakkollégiumi Konferencia
|v 2
|
| 650 |
|
4 |
|a Természettudományok
|
| 650 |
|
4 |
|a Számítás- és információtudomány
|
| 695 |
|
|
|a Mikrovezérlők - előadáskivonat
|
| 711 |
|
|
|a II. Móra Interdiszciplináris Kárpát-medencei Szakkollégiumi Konferencia
|c Szeged
|d 2018. november 30.-december 2.
|
| 856 |
4 |
0 |
|u http://acta.bibl.u-szeged.hu/82903/1/morakonf_2018_017.pdf
|z Dokumentum-elérés
|